[Event "Syre Memorial op 32nd"]
[Site "Issy les Moulineaux"]
[Date "2009.05.23"]
[Round "4"]
[White "Veron, Cyprien"]
[Black "Deschamp, Jean Pierre"]
[Result "1-0"]
[WhiteElo "2139"]
[BlackElo "1840"]
[PlyCount "69"]
[EventDate "2009.05.21"]
[EventType "swiss"]
[EventRounds "6"]
[EventCountry "FRA"]
[SourceTitle "EXT 2010"]
[Source "ChessBase"]
[SourceDate "2010.11.25"]
[SourceVersion "1"]
[SourceVersionDate "2010.11.25"]
[SourceQuality "1"]

1. Nf3 Nf6 2. c4 c5 3. d4 e6 4. d5 exd5 5. cxd5 d6 6. Nc3 g6 7. e4 Bg7 8. Be2 0-0 9. 0-0 Re8 10. Qc2 Nbd7 11. h3 a6 12. a4 Qc7 13. Bf4 Nh5 14. Bh2 Ne5 15. Nxe5 Bxe5 16. Bxh5 Bxh2+ 17. Kxh2 gxh5 18. Qe2 Bf5 19. f4 f6 20. Rae1 Bg6 21. Qc4 Kh8 22. Kh1 Re7 23. f5 Bf7 24. Ne2 Rg8 25. Nf4 Rg5 26. Ne6 Bxe6 27. fxe6 Reg7 28. Rxf6 Qa5 29. Qc3 Qxc3 30. Rf8+ Rg8 31. Rxg8+ Kxg8 32. bxc3 Re5 33. h4 b5 34. axb5 axb5 35. Kg1 1-0

[Event "Champigny sur Marne op 6th"]
[Site "Champigny sur Marne"]
[Date "2006.02.18"]
[Round "3"]
[White "Deschamp, Jean Pierre"]
[Black "Dag, Bekhir"]
[Result "1/2-1/2"]
[WhiteElo "1954"]
[BlackElo "1700"]
[PlyCount "56"]
[EventDate "2006.02.16"]
[EventType "swiss"]
[EventRounds "6"]
[EventCountry "FRA"]
[SourceTitle "EXT 2007"]
[Source "ChessBase"]
[SourceDate "2006.11.23"]
[SourceVersion "1"]
[SourceVersionDate "2006.11.23"]
[SourceQuality "1"]

1. e4 Nc6 2. d4 g6 3. c3 Bg7 4. Nf3 d6 5. Bd3 Nf6 6. 0-0 e5 7. d5 Ne7 8. h3 0-0 9. Qe2 Bd7 10. c4 Nh5 11. g4 Nf4 12. Bxf4 exf4 13. Nc3 Kh8 14. Qd2 f5 15. exf5 gxf5 16. g5 Ng6 17. Kh2 Ne5 18. Nxe5 dxe5 19. Rg1 e4 20. Nxe4 fxe4 21. Bxe4 f3 22. Rg3 Be5 23. Rag1 h6 24. Kh1 Bf5 25. Rg4 Bxe4 26. Rxe4 Qd7 27. Rgg4 Qf5 28. Rh4 Kg7 1/2-1/2